000 01112nam a22002655i 4500
001 177806
003 ES-MaACL
005 20250513063026.0
008 110427s1987 sp af |||| | spa d
017 _aM-29783-1987
020 _a8475062121
080 _a821.134.2-22"16"
100 1 _aCalderón de la Barca, Pedro,
_d1600-1681
_eaut
_9239594
245 1 3 _aLa fiera, el rayo y la piedra
_b: comedia de Pedro Calderón de la Barca, según la representación que se hizo en el Palacio Real de Valencia el 4 de junio de 1690 : (Biblioteca Nacional, Ms. 14614) /
_cintroducción, Manuel Sánchez Mariana ; transcripción del manuscrito, Javier Portús.
260 _a[Madrid] :
_bMinisterio de Cultura,
_cimp. 1987.
300 _aXXVI, 195 p. , [24] h. pleg. de lám. bl. y n. :
_bil. bl. y n. ;
_c35 cm.
650 1 4 _a
_9239580
700 0 _aSánchez Mariana, Manuel.
_9102752
700 0 _aPortús, Javier.
_993310
852 _aES-MaACL
_9R.145224
_dOlim:N-4100
_jA-11095
_cDEPO1
903 _ednr
942 _2udc
_cMONOGRAFIA
999 _c177806
_d177806